000 01334nam a22002777a 4500
001 9175
003 FISKH
005 20251127094202.0
008 251127b cb ||||| |||| 00| 0 eng d
020 _a708431223301
040 _aFISKH
_beng
_cFISKH
_dFISKH
050 _aPZ7.C985
082 _a 372.4
100 _aBarchers, Suzanne I.
245 _aOn the go!
_cstory by Suzanne I. Barchers
250 _aThis edition published in 2009.
260 _aOntario : Ontar
_bLeab Frog,
_c1999.
300 _a16 pages :
_bcolor illustrations ;
_c23 cm
505 _aC
520 _aLeap is wondering what to do. Should he jog to the park, dig in the mud, go for a ride in a jet or a trip in the car? Then Leap decides to get a big bus so he can take all his pals to the zoo.
521 8 _a100
_bLexile estimate
521 8 _aC
_bRaz-
650 _aAnimals
_vEducation
_xTravel
942 _2ddc
_cBK
_n0
999 _c9175
_d9175